000 00609nam a2200181 i 4500
001 136699
003 ES-MaACL
005 20230906195214.0
007 t|
008 070214s1947 sp |||| | spa d
100 1 _aSala Roca, Enrique.
_9101672
245 1 3 _aEl problema mundial del trigo y el problema del trigo en España /
_cEnrique Sala Roca ; prólogo del Excmo. Sr. D. Pedro Gual Villalbí.
260 _aBarcelona :
_b[s. n.],
_c1947 (
_fTip. Emporium)
300 _a120 p. ;
_c22 cm.
650 4 _aTrigo-
_zEspaña.
_9155449
700 1 _aGual Villalbí, Pedro.
_960287
852 _aES-MaACL
_jC-5007
999 _c136699
_d136699